000 00636nam a2200181Ia 4500
008 100920s9999 xx 000 0 und d
082 _b30094
_a38 थ 67
100 _aआपटे हरि नारायण.
245 _aयशवंतराव खरे.
260 _bआर्यभूषण मुद्रणालय, पुणे 4.
_c1967
300 _a326
_bसाधी
365 _b7.25
520 _aशताब्दी ग्रंथ.
630 _aयशवंतराव खरे.
650 _aशताब्दी ग्रंथ.
730 _aयशवंतराव खरे.
942 _cBOOK
999 _c685579
_d685576